| 000 | 00544 a2200193 4500 | ||
|---|---|---|---|
| 001 | 132893 | ||
| 020 | _a85-7180-636-5 | ||
| 040 | _cLeonardo Da Vinci | ||
| 041 | _aPortuguês | ||
| 082 |
_aI C874l _bC874l |
||
| 100 |
_aCOSTA, Mônica Rodrigues _aOLIVEIRA, Paula Medeiros de |
||
| 245 | _aA Lenda da mandioca | ||
| 260 |
_bMaltese _c1995 _aSão Paulo |
||
| 362 | _a19950000 | ||
| 490 | _aLendas e fábulas brasileiras | ||
| 500 | _aGisela Moreau (Ilustração) | ||
| 697 |
_aLiteratura infantil _aFábulas _aLendas _aíndios |
||
| 942 | _cBK | ||
| 999 |
_c132893 _d132893 |
||